Márk atya "vegyétek magatokra igámat, és tanuljatok tőlem, mert én szelíd vagyok és alázatos szívű" (Mt 11,29)

Bibliographic Details
Main Author: Gulyás, Zsuzsanna (Author, Interviewer)
Format: Article
Language:Hungarian
PhysicalDescription:Fotogr.
ISSN:1335-7050
Subjects:

MARC

LEADER 00000nab a2200000 ar4500
001 vtls010113645
003 SK-MaSNL
005 20260319070658.0
008 100709c20100609xo |||||||| 000 b|hun
015 |a SNBRB2010/06  |2 snkbucl 
038 |a SNKBUCL 
040 |a DSZK  |b slo  |c DSZK  |e AACR2 
041 0 |a hun 
044 |a xo  |c SK 
080 |a 2-051  |2 1997 
080 |a 262.145  |2 1997 
080 |a 929 Ďurás, Márk  |2 1997 
100 1 |a Gulyás, Zsuzsanna  |4 ivr  |4 aut  |9 1037193 
245 1 0 |a Márk atya  |b "vegyétek magatokra igámat, és tanuljatok tőlem, mert én szelíd vagyok és alázatos szívű" (Mt 11,29)  |c Gulyás Zsuzsanna 
300 |b Fotogr. 
600 1 7 |a Ďurás, Márk  |2 snkbucl  |9 1057074 
650 0 7 |a kapláni  |2 snkbucl  |9 38913 
651 7 |a Štúrovo (Slovensko)  |2 SNKPHgeo  |9 27957 
773 0 |t Új szó  |g Évf. 63, sz. 131 (9.6.2010), o. 14  |x 1335-7050 
773 0 8 |i Mell.:  |t Szülőföldünk  |g Évf. 7, sz. 22 (2010) 
852 |a SNK  |b KIS3GCP 
852 |a DSZK  |b KIS3GCP 
958 |a HU 
958 |a SK 
958 |a NT 
999 |c 1782639  |d 1784569